Les Arts de la femme : encyclopédie pratique : ornée de cent quatre-vingts planches et motifs appropiés à chaque matière dessinés par les principaux artistes décorateurs / Émile Bayard encyclopédie pratique :
Descripción Física:
392 p. : il., gravats ; 32 cm
MARC
| LEADER | 00000nam a2200000Ia 4500 | ||
|---|---|---|---|
| 001 | 13891 | ||
| 008 | 160829s9999 xx 000 0 cat d | ||
| 080 | |a FOL-2-19 | ||
| 100 | |a Bayard, Émile |9 23094 | ||
| 245 | |a Les Arts de la femme : |b encyclopédie pratique : |b ornée de cent quatre-vingts planches et motifs appropiés à chaque matière dessinés par les principaux artistes décorateurs / Émile Bayard | ||
| 260 | |a Paris : |b Librairie Charles Delagrave, [1904] | ||
| 300 | |a 392 p. : |b il., gravats ; |c 32 cm | ||
| 650 | |a Arts decoratives |9 23095 | ||
| 650 | |a Arts gràfiques |9 23096 | ||
| 650 | 0 | |a Treballs manuals (Ensenyament) |9 41398 | |
| 901 | |a Arxiu | ||
| 942 | |n 1 | ||
| 952 | |0 0 |1 0 |4 0 |6 FOL219 |7 1 |9 42532 |a Arxiu |b Arxiu |d 2016-12-01 |l 0 |o FOL-2-19 |p 13891 |r 2016-12-01 00:00:00 |w 2016-12-01 |y ARXIU | ||
| 999 | |c 45037 |d 45037 | ||